000 00568 a2200181 4500
999 _c26529
_d26529
008 230628b ||||| |||| 00| 0 eng d
020 _a9789350239209
_cRs2050.00
041 0 _aeng
082 0 0 _a005.133
_bA2371
100 _aAdler, Joseph
245 _aR in a Nutshell : A Desktop Quick Reference /
_cJoseph Adler
250 _a2nd ed.
260 _aSebastopol :
_bO'Reilly media, in.,
_c2022.
260 _aMumbai :
_bShroff Publishers & Distributors pvt. ltd.,
_c2022.
300 _axix, 699 p.
650 0 _aR (Computer programming language)
942 _2ddc
_cBK